000 00264nam a2200097Ia 4500
008 190216s9999||||xx |||||||||||||| ||und||
100 _aEducation Dept.
245 0 _aGrant In Aid Code For Private Arts & Science And Training Colleges
260 _bNull
942 _cREF
999 _c35143
_d35143